| 000 | 01109nam a2200313 a 4500 | ||
|---|---|---|---|
| 001 | 4337164 | ||
| 003 | ARRUPE | ||
| 005 | 20161128113301.0 | ||
| 008 | 880919s1987 cau b 100 0 eng | ||
| 010 | _a 88185753 | ||
| 040 |
_aDLC _cDLC _dDLC |
||
| 050 | 0 | 0 | _aHD3845.6P75 1987 |
| 082 | 0 | 0 |
_a338.9 _219 |
| 100 |
_aHanke, Steve H. _927574 |
||
| 245 | 0 | 0 |
_aPrivatization and development / _cedited by Steve H. Hanke. |
| 260 |
_aSan Francisco: _bICS Press, Institute for Contemporary Studies, _cc1987. |
||
| 300 |
_ax, 237 p. ; _c23 cm. |
||
| 500 | _aCover title: Privatization & development. | ||
| 504 | _aBibliography: p. [223]-224. | ||
| 650 | 0 |
_aPrivatization _xCongresses. _927575 |
|
| 650 | 0 |
_aEconomic development _xCongresses. _926534 |
|
| 700 | 1 |
_aHanke, Steve H. _927576 |
|
| 710 | 1 |
_aUnited States. _bAgency for International Development. _927577 |
|
| 710 | 2 |
_aSequoia Institute. _927578 |
|
| 740 | 0 | _aPrivatization & development. | |
| 906 |
_a7 _bcbc _corignew _d2 _encip _f19 _gy-gencatlg |
||
| 942 |
_2lcc _cMONOGRAPH |
||
| 999 |
_c125766 _d125766 |
||